000 00909nam a22002777a 4500
003 DO-SdBNP
005 20220824125437.0
008 171110b 2007 dr | 00| 0 spa d
020 _a994585139X
040 _aBPMSU
_bspa
_cBPMSU
082 4 _aRD863.44
_bA516t
_222
100 1 _aAmiama, Manuel Antonio,
_d1899-1991
245 1 3 _aEl terrateniente /
_cManuel Antonio Amiama
260 _aSanto Domingo :
_bSociedad Dominicana de Bibliófilos ;
_c2007.
300 _a202 p. :
_bil. ;
_c23 cm.
490 0 _aBibliófilos 2000,
_v19
500 _3Incluye datos biográficos del autor en la solapa de la cubierta
590 _6Inventariado, 2022/VM
650 4 _aNovela dominicana
650 4 _aLiteratura dominicana
700 1 _aAmiama Castro, Octavio de,
_dpról.
910 _aVMateo V./ Validado
942 _2ddc
_cBK
945 _aInventariado, 2018 / BT
956 _aBTAVAREZ
_b10
_d20171110
_fBPMSU
_h0038
999 _c12848
_d12848